Proceedings of the American Society of Photogrammetry fall convention
Na minha lista:
| Formato: | Livro |
|---|---|
| Idioma: | inglês |
| Publicado em: |
Falls Church
American Society of Photogrammetry
1973
|
| Assuntos: | |
| Tags: |
Adicionar Tag
Sem tags, seja o primeiro a adicionar uma tag!
|
MARC
| LEADER | 00000nam a2200000 a 4500 | ||
|---|---|---|---|
| 001 | UCV5404 | ||
| 003 | CL-VaPUC | ||
| 005 | 20240830145440.0 | ||
| 008 | 930607e19730000us 1 eng d | ||
| 082 | 0 | 4 | |a 621.3678 |b PRO |2 21 |
| 245 | 1 | 0 | |a Proceedings of the American Society of Photogrammetry fall convention |
| 260 | |a Falls Church |b American Society of Photogrammetry |c 1973 | ||
| 300 | |a v | ||
| 583 | |a last modification |c 20120719 11:21:04 |k Rodrigo Vera | ||
| 650 | 0 | 7 | |a PERCEPCION REMOTA EN OCEANOGRAFIA |2 CL-VaPUC |9 616542 |
| 650 | 0 | 0 | |a Fotogrametría |9 260424 |
| 942 | |c BK | ||
| 945 | |d 19930607 00:00:00 | ||
| 546 | |a En Inglés | ||
| 536 | |a American Society of Photogrammetry | ||
| 518 | |p Symposium on Remote Sensing in Oceanograpy, Florida, United States, 1973 | ||
| 999 | |c 381993 |d 381991 | ||